000
00303nam a2200121 a 4500
005
20141022142009.0
008
120229s19uu xx 00 eng d
050
_a
CD
_b
H71 2005
100
_a
Holden, Carol
245
_a
Meeting SEN in the curriculum /
_c
Carol Holden.
260
_c
2005.
942
_c
AVM
999
_c
276658
_d
276658